000 00294nam a2200121Ia 4500
005 20251222154338.0
008 251222s9999||||xx |||||||||||||| ||spa||
020 _a84-70-17-374-X
082 _aREF.030/C28/T.94
100 _a"Caratini, Roger"
245 0 _aEnciclopedia temética
942 _cLIB
999 _c34432
_d34432